Apologías y discursos de las conquistas occidentales

সংরক্ষণ করুন:
গ্রন্থ-পঞ্জীর বিবরন
প্রধান লেখক: Vargas Machuca, Bernardo de (Author)
বিন্যাস: গ্রন্থ
ভাষা:স্প্যানিশ
প্রকাশিত: Valladolid Junta de Castilla y León 1993
মালা:Estudios de Historia
বিষয়গুলি:
ট্যাগগুলো: ট্যাগ যুক্ত করুন
কোনো ট্যাগ নেই, প্রথমজন হিসাবে ট্যাগ করুন!

MARC

LEADER 00000nam a2200000 a 4500
001 UCM3168
003 CL-VaPUC
008 020628e19930000sp |||||||||||||||||spa|d
082 0 4 |a 262.9  |b VAR  |2 21 
100 0 |a Vargas Machuca, Bernardo de  |e author  |9 469937 
245 1 0 |a Apologías y discursos de las conquistas occidentales 
300 |a 148 p 
942 |c BK 
945 |d 20020628 00:00:00  |a cmena 
260 |a Valladolid  |b Junta de Castilla y León  |c 1993 
650 7 |a DERECHO CANONICO  |2 CL-VaPUC  |9 469938 
650 0 |a Historia del derecho  |9 255109 
650 0 |a Conquista española  |9 267777 
650 7 |a EVANGELIZACION  |2 CL-VaPUC  |9 469939 
583 |a last modification  |c 20171116 02:57:18  |k Rodrigo Vera 
490 0 |a Estudios de Historia 
999 |c 300657  |d 300655 
952 |0 0  |1 0  |4 0  |6 262_900000000000000_VAR_1993  |7 0  |8 DER_HDC  |9 358691  |a BIBDER  |b BIBDER  |d 2019-11-21  |i 3823121  |o 262.9 VAR 1993  |p 3823121  |r 2023-01-25  |w 2019-11-21  |x Ubicación 4to Piso  |y BK  |z Estos recursos deben solicitarse con anticipación  |k DER